000 01241nam a2200229Ia 4500
001 L510-25778
003 IT-CnALBA
008 170116s9999||||xx |||||||||||||| ||und||
040 _aIT-CnALBA
_cIT-CnALBA
041 _aITALIANO
100 _aDARBESIO ONORATO, DOTT.
245 0 _aARITMETICA E GEOMETRIA. PER LE SCUOLE DI AVVIAMENTO A TIPO COMMERCIALE E INDUSTRIALE FEMMINILE. VOL. III.
250 _a1a ed.
260 _a TO BO CT PA
_bSOCIETÀ ED. INTER.
_c1953 [1° Ed.: n.d.]
300 _a186 p.
500 _aPER LA III CLASSE. ESERCIZI E PROBLEMI DI ARITMETICA E GEOMETRIA. CON INDICAZIONE DEI RISULTATI. DONO DI GROSSO V. SSP. RISTAMPA. RAPPORTI E PROPORZIONI. APPLICAZIONI DELLE PROPORZIONALITA'. CALCOLI PERCENTUALI. INTERESSE SCONTO. GEOMETRIA SOLIDA. POLIEDR
501 _aSocietà San Paolo EM - Piazza San Paolo, 14 - 12051 ALBA (CN) (non commercial uses only) ® Copyright 2017
520 _aPER LA III CLASSE. ESERCIZI E PROBLEMI DI ARITMETICA E GEOMETRIA. CON INDICAZIONE DEI RISULTATI. DONO DI GROSSO V. SSP. RISTAMPA. RAPPORTI E PROPORZIONI. APPLICAZIONI DELLE PROPORZIONALITA'. CALCOLI PERCENTUALI. INTERESSE SCONTO. GEOMETRIA SOLIDA. POLIEDR
650 _aMATEMATICA
942 _cBK
957 _71
999 _a30565
_bNO
_g Copie: 1
_c284891
_d284891